Internet and world wide web : How to program (Record no. 138690)

000 -LEADER
fixed length control field 00285nmm a2200097Ia 4500
008 - FIXED-LENGTH DATA ELEMENTS--GENERAL INFORMATION
fixed length control field 220120s9999||||xx |||||||||||||||||und||
082 ## - DEWEY DECIMAL CLASSIFICATION NUMBER
Classification number 00 5.133 DEI
100 ## - MAIN ENTRY--PERSONAL NAME
Personal name Deitel, H.M. Deitel, P.J. & Goldberg A.B.
9 (RLIN) 3338
245 #0 - TITLE STATEMENT
Title Internet and world wide web : How to program
260 ## - PUBLICATION, DISTRIBUTION, ETC.
Date of publication, distribution, etc. 2003
Holdings
Withdrawn status Lost status Damaged status Not for loan Home library Current library Date acquired Barcode Date last seen Price effective from Koha item type
        Central Library Central Library 01/20/2022 CD241 01/20/2022 01/20/2022 Compact Disc

Powered by Koha